000
00306nam a22001337a 4500
020
_a
0-7513-6905-5
082
_a
030
_b
DOR/S
100
_a
DORLING KINDERSLEY
245
_a
SCIENCE
_b
PICTUREPEDIA
260
_a
LONDON
_b
DK BOOKS
_c
1993
300
_a
49
650
_a
ENCYCLOPEDIA
_z
UNITED KINGDOM
942
_c
BK
999
_c
2301
_d
2301